000 00799nam a2200241 a 4500
005 20240913063810.0
008 160303s2005 ag r 000 0 spa d
020 _a9505077572 (10 dígitos)
020 _a9789505077571 (13 dígitos)
035 _aUPN01000208675
049 _aCG
050 4 _aHV6437
_bT4.2
100 1 _aTerminiello, Oscar
_939235
245 1 0 _aAnomia juvenil :
_bla adolescencia y el descontrol : el informe : tribus urbanas, bandas juveniles, patotas (grupos de riesgo) /
_cOscar Terminiello.
260 _aBuenos Aires :
_bBonum,
_cc2005.
300 _a92 p. :
_bil.
440 4 _aLos pibes del barrio
650 4 _aPANDILLAS
_912644
650 4 _aINTERACCION SOCIAL EN JOVENES
_914291
650 4 _aDelincuencia juvenil
_99217
905 _aLibro
999 _c180776
_d180776